000 00291nam a22001337a 4500
008 181022b xxu||||| |||| 00| 0 eng d
020 _a9780716728344
041 _aeng
080 _a574
100 _a9
101 _aMJE
245 _aEnvironmental Geology
_cMerritts, D
942 _2udc
_cBK
999 _c50531
_d50531